The West African councillor
Saved in:
| Main Authors: | , |
|---|---|
| Other Authors: | |
| Format: | Book |
| Language: | English |
| Published: |
London,
Oxford University Press,
1961.
|
| Edition: | 2d ed. |
| Subjects: | |
| Tags: |
Add Tag
No Tags, Be the first to tag this record!
|
| LEADER | 00950nam a2200277I 4500 | ||
|---|---|---|---|
| 001 | 004303675-9 | ||
| 005 | 20020606095253.2 | ||
| 008 | 770722s1961 enk 000 0 eng | ||
| 010 | |a 61002897 | ||
| 015 | |a GB61-8018 | ||
| 035 | 0 | |a ocm03134962 | |
| 040 | |a DLC |c OCP |d UKM |d HLS | ||
| 043 | |a fw----- | ||
| 050 | 0 | |a JS7525 |b .C3 1961 | |
| 082 | |a 352.066 | ||
| 100 | 1 | |a Cameron, Ian Donald, |d 1917- | |
| 245 | 1 | 4 | |a The West African councillor |c [by] I. D. Cameron [and] B. K. Cooper. |
| 250 | |a 2d ed. | ||
| 260 | |a London, |b Oxford University Press, |c 1961. | ||
| 300 | |a 224 p. |b illus. |c 19 cm. | ||
| 650 | 0 | |a Local government |z Africa, West. | |
| 700 | 1 | |a Cooper, Basil Keith, |d 1922- |e joint author. | |
| 700 | 1 | |a Cooper, B. K. |q (Basil Keith), |d 1922- |e author. | |
| 776 | 0 | 8 | |i Online version: |a Cameron, I.D. (Ian Donald), 1917- |t West African councillor. |b 2d ed. |d London, Oxford University Press, 1961 |w (OCoLC)574240727 |
| 988 | |a 20020608 | ||
| 906 | |0 DLC | ||


